00562nam a2200205 a 4500001001300000003000900013005001700022008004100039020002300080082001600103100001900119245005900138260003700197300000900234500003500243505001000278650003600288650001300324700001900337nice12345678IN_TiNIC20260116013717.0050524s1986 newa grp 000 0 eng  a8185990 c15000a261.24bGOE aGoel, Sita Ram aHistory of Hindu-Christian Encounters (AD 304 T0 1996) aNew DelhibVoice of India c1986 a530p aincludes index and biblioraphy2 aIndex aHinduism-Relations-Christianity aHindutva1 aGoel, Sita Ram